| 000 | 00486nam a2200169 i 4500 | ||
|---|---|---|---|
| 001 | 54770 | ||
| 003 | ES-MaACL | ||
| 005 | 20230906163022.0 | ||
| 007 | t| | ||
| 008 | 960729s1869 fr |||| | fre d | ||
| 100 | 1 |
_aGaboriau, Emile. _953145 |
|
| 245 | 1 | 0 |
_aMonsieur Lecoq / _cpar Emile Gaboriau. |
| 260 |
_aParis : _bE. Dentu, _c1869 ( _fImp. de Destenay) |
||
| 300 |
_a2 v. ; _c19 cm. |
||
| 505 | 8 |
_aContiene: 1 ; _tL'enquĂȘte - 2 ; _tL'honneur du nom |
|
| 852 |
_aES-MaACL _jD-2068-69 |
||
| 999 |
_c54770 _d54770 |
||